Districts of the Cook Islands - Statistics

General Stats
  • This quiz has been taken 32 times
    11 since last reset
  • The average score is 3 of 46
Answer Stats
Answer % Correct
Arorangi
100%
Avarua
50%
Matavera
50%
Titikaveka
50%
Amuri
0%
Areora
0%
Areora
0%
Arutanga
0%
Atai
0%
Auta
0%
Ivirua
0%
Karanga
0%
Kei'a
0%
Loto
0%
Makatea
0%
Mangarei
0%
Mapumai
0%
Matara
0%
Nassau
0%
Ngake
0%
Ngatangiia
0%
Ngatiarua
0%
Ngatiarua
0%
Nikaupara
0%
Niteiri
0%
Numahanga
0%
Omoka
0%
Palmerston
0%
Purapoto
0%
Reureu
0%
Takaue
0%
Tamarua
0%
Tauhunu
0%
Tautu
0%
Tava'enga
0%
Teenui
0%
Tengatangi
0%
Teruakiore
0%
Tetautua
0%
Tukao
0%
Ureia
0%
Vaimutu
0%
Vaipae
0%
Vaipeka
0%
Veitatei
0%
Yato
0%
No matching quizzes found
Score Distribution
Percent of People with Each Score
Percentile by Number Answered
Your Score History
You have not taken this quiz since the last reset